|
|
|
|
| LEADER |
00783cam a2200253 7i4500 |
| 001 |
0000036314 |
| 005 |
20200522090000.0 |
| 007 |
##ta |
| 008 |
200221s2019 my |
| 020 |
# |
# |
|a x
|
| 040 |
# |
# |
|a MATR
|
| 090 |
0 |
0 |
|a MYAN 338.7687025
|b MYA
|
| 245 |
0 |
0 |
|a Myanmar Textile & Garment Directory 2019 - 2020.
|
| 264 |
# |
4 |
|a ♭.
|
| 264 |
# |
1 |
|a Yangon, Myanmar:
|b U Soe Moe Than,
|c 2019.
|
| 300 |
# |
# |
|a Various pagings pages:
|b illustrations;
|c 26 cm.
|
| 336 |
# |
# |
|a text
|2 rdacontent
|
| 337 |
# |
# |
|a unmediated
|2 rdamedia
|
| 338 |
# |
# |
|a volume
|2 rdacarrier
|
| 504 |
# |
# |
|a Includes bibliographical references and index
|
| 650 |
1 |
0 |
|a Clothing trade
|
| 650 |
2 |
0 |
|a Textile industry --
|z Myanmar
|
| 650 |
2 |
0 |
|a Clothing trade --
|z Myanmar
|
| 999 |
|
|
|a 0000040883
|b Directories
|c Countries
|e Business Information Centre
|